Gli amanti dei miei amanti sono miei amanti : una commedia sofisticata /
I tiakina i:
| Kaituhi matua: | |
|---|---|
| Hōputu: | Pukapuka |
| Reo: | Itāriana |
| I whakaputaina: |
Milano :
Garzanti,
1985
|
| Rangatū: | Teatro
|
| Ngā Tūtohu: |
Kāore He Tūtohu, Me noho koe te mea tuatahi ki te tūtohu i tēnei pūkete!
|
MARC
| LEADER | 00000nam a22000007i 4500 | ||
|---|---|---|---|
| 001 | IT\ICCU\CFI\0099576 | ||
| 003 | ItRI | ||
| 005 | 20250725095348.0 | ||
| 008 | 890817s1985 it |||||| |||||d|||||c | ||
| 040 | |b ita |c ct | ||
| 041 | 7 | |a ita |2 ISO-639-2 | |
| 082 | |a 852.914 |2 11 | ||
| 100 | 1 | |a Patroni Griffi, Giuseppe, |d (1921-2005) |0 IT\ICCU\CFIV\062107 |4 aut | |
| 240 | 1 | 4 | |a Gli amanti dei miei amanti sono miei amanti |9 Patroni Griffi, Giuseppe <1921-2005> |
| 245 | 1 | 4 | |a Gli amanti dei miei amanti sono miei amanti : |b una commedia sofisticata / |c Giuseppe Patroni Griffi. |
| 260 | |a Milano : |b Garzanti, |c 1985 | ||
| 300 | |a 122 p. ; |c 21 cm | ||
| 830 | 0 | |a Teatro |0 IT\ICCU\CFI\0097621 | |
| 942 | |2 ddc |c BK | ||
| 952 | |0 0 |1 0 |2 ddc |4 0 |6 B_LTR05PATGIAMA11 |7 0 |9 7442 |a MI |b MI |d 2010-11-14 |i 6086 |l 0 |o B-LTR05-PATGI-AMA11 |p CDOM6086 |r 2025-07-13 16:28:40 |w 2025-07-13 |x DONO |y BK | ||
| 981 | 1 | |6 z01 |a i |b xxxe | |
| 982 | 1 | |6 z01 |a n | |
| 999 | |c 6141 |d 6141 | ||